000 00924nam a2200301 i 4500
001 15579
003 ES-MaACL
005 20230906151116.0
007 t|
008 000403s1997 sp ||||0| spa j
020 _a84-8306-053-1
040 _aM-BN
_bspa
_cM-BN
080 _a5"19"
080 _a009"19"
245 0 0 _aSaber, sentir, pensar /
_cAurelio Arteta... [et al.] ; edición a cargo de Carlos Nieto Blanco.
250 _a1ª ed.
260 _aMadrid :
_bDebate ; Santander : Fundación Marcelino Botín,
_c1997.
300 _a331 p. ;
_c21 cm.
490 1 _aTemas de debate
650 1 4 _aCiencias-
_yS.XX.
_910980
650 1 4 _aHumanidades-
_yS.XX.
_913501
700 1 _aArteta, Aurelio (
_qArteta Aisa)
_9142593
700 1 _aNieto Blanco, Carlos.
_985676
710 2 _aFundación Marcelino Botín.
_94365
830 0 _aTemas de debate
_9179795
852 4 _a BA
_jL-22785
999 _c15579
_d15579